Professional software testing with Visual Studio 2005 team system : Tools for software developers and test engineers

This essential resource book offers a no-nonsense introduction to using the tools the way they were meant to be used. The authors walk you through the overall user interface of the Visual Studio Team Edition for Software Developers and Visual Studio Team Edition for Software Testers. You'll exp...

תיאור מלא

שמור ב:
מידע ביבליוגרפי
פורמט: ספר
שפה:Undetermined
יצא לאור: Indianapolis, IN Wiley Pub. 2007
נושאים:
תגים: הוספת תג
אין תגיות, היה/י הראשונ/ה לתייג את הרשומה!
Thư viện lưu trữ: Trung tâm Học liệu Trường Đại học Cần Thơ
LEADER 01153nam a2200217Ia 4500
001 CTU_153138
008 210402s9999 xx 000 0 und d
020 |c 32.42 
082 |a 005.14 
082 |b P963 
245 0 |a Professional software testing with Visual Studio 2005 team system : 
245 0 |b Tools for software developers and test engineers 
245 0 |c Tom Arnold ... [et al.]. 
260 |a Indianapolis, IN 
260 |b Wiley Pub. 
260 |c 2007 
520 |a This essential resource book offers a no-nonsense introduction to using the tools the way they were meant to be used. The authors walk you through the overall user interface of the Visual Studio Team Edition for Software Developers and Visual Studio Team Edition for Software Testers. You'll explore each of the available test types and learn how to effectively use the code analysis and dynamic analysis tools to quickly become effective as a software developer or test engineer. 
650 |a Computer software,Phần mềm máy tính 
650 |x Testing,Kiểm tra 
904 |i Trọng Hiếu 
980 |a Trung tâm Học liệu Trường Đại học Cần Thơ